000 00454nam a2200181Ia 4500
001 23829
005 20260414151003.0
008 260414t2020||||xx |||||||||||||| ||spa||
041 _aESP
082 _a720
_bC17
100 _aCalvo, Sandra,
_eAUT
245 0 _aArquitectura sin arquitectos / Architecture without architects
_b
260 _c2020
300 _a187 páginas :
_c25 cm.
650 _aABD
654 _aCAU
942 _cLIB
_dJUS
_fJUS
_2ddc
_n
999 _c23829
_d23829